000 00396cam a2200157ua 4500
041 _aeng
_h
082 _a632.3
_bRAN/BA
100 _aRangaswami, G .
245 _aBacterial plant diseases in India /
_cG Rangaswami.
_hTextual Documents
250 _a1 /
_b.
260 _aMumbai :
_bAsia Publishing House ,
_c1962.
300 _a163 ; .
504 _a
942 _cBK
999 _c5662
_d5662